000 01289nac a22003371u 4500
010 _a84007780
020 _a0863072313 (set)
020 _a1854350323 :
082 0 0 _a306.03
_bILL
090 _c9993
_d9993
100 _a20080729
245 0 4 _aThe Illustrated encyclopedia of mankind /
250 _aNew ed., reference ed. /
_bedited and compiled by Yvonne Deutch ; consultant anthropologist, Michael Sallnow ; preface, Robert Canfield.
260 _aNew York :
_bMarshall Cavendish,
300 _aV. :
_bcol. ill. ;
_c29 cm.
500 _aDonations - AUC.
500 _aDonations.
505 _aIssues: V. 1, 2, 3, 4, 5, 6, 7, 8 (1990).
511 _aCatalogued by: Sara.
650 0 _aEthnology
_xDictionaries.
650 0 _aHuman beings
_xDictionaries.
740 0 _aMankind.
942 _cNB
_k306.03ILL
999 _c9993
_d9993